Normal view
MARC view
Entry Personal Name
001 - CONTROL NUMBER
- control field: 46592
003 - CONTROL NUMBER IDENTIFIER
- control field: dpl
005 - DATE AND TIME OF LATEST TRANSACTION
- control field: 20120508105809.0
008 - FIXED-LENGTH DATA ELEMENTS
- fixed length control field: 120508|||a|||||| | ||| d
040 ## - CATALOGING SOURCE
- Original cataloging agency: dpl
- Transcribing agency: dpl
100 ## - HEADING--PERSONAL NAME
- Personal name: Sirohi, Madhu Singh
670 ## - SOURCE DATA FOUND
- Source citation: Work cat.: (dpl)22301: Agarwal, Tanya Luther 46589, Mission :, 2008
670 ## - SOURCE DATA FOUND
- Source citation: Work cat.: (dpl)22301: Agarwal, Tanya Luther 46589, Mission :, 2008
